| 000 | 00822cam a2200193 i 4500 | ||
|---|---|---|---|
| 020 | _a9780190931919 (hardcover : acidfree paper) | ||
| 082 | 0 | 0 |
_a658.15 _bNEW _cN-02,P-101 |
| 100 | 1 |
_aNewnan, Donald G., _924913 |
|
| 245 | 1 | 0 |
_aEngineering economic analysis _cDonald G. Newnan, San Jose State University, Ted G. Eschenbach, University of Alaska Anchorage, Jerome P. Lavelle, North Carolina State University, Neal A. Lewis, University of New Haven. |
| 250 | _aFourteenth Edition. | ||
| 260 |
_aNew York, _bOxford University Press, _c2020. |
||
| 300 |
_axxiv, 695 pages : _billustrations ; _c23 cm |
||
| 526 |
_a0 _b0 _c0 _d658_150000000000000_NEW |
||
| 650 | 0 | _aEngineering economy. | |
| 700 | 1 |
_aEschenbach, Ted G., _936094 |
|
| 700 | 1 |
_aLavelle, Jerome P., _924917 |
|
| 700 | 1 |
_aLewis, Neal A., _936095 |
|
| 942 |
_2ddc _cBK |
||
| 999 |
_c554435 _d554435 |
||